| 000 | 01477nam0a2200349 4500 | ||
|---|---|---|---|
| 001 | RU\NLR\bibl\378358 | ||
| 005 | 20250622152624.0 | ||
| 010 |
_a5-9524-0137-6 _97000 |
||
| 021 |
_aRU _b2003-4207 _9191 |
||
| 035 | _a(NLR Aleph) 000372798 | ||
| 090 |
_a406351 _c406351 |
||
| 100 | _a20030304d2002 |||y0rusy50 ca | ||
| 101 | 1 | _arus | |
| 102 | _aRU | ||
| 105 | _ay ||||||||| | ||
| 200 | 1 |
_aНемногие возвратившиеся _eЗап. офицера итал. экспедиц. корпуса, 1942-1943 гг. _e[Перевод] _fЭудженио Корти _g[Предисл. К. Д'Эстэ] |
|
| 210 |
_aМ. _cЦентрполиграф _d2002 |
||
| 215 |
_a313,[1] с. _d19 |
||
| 606 | 0 |
_aВеликая Отечественная война _jВоспоминания, записки и т.п. _xВоенные операции итальянские _z1941 - 1945 _z1942 - 1943 _92282968 _3RU\NLR\auth\661367684 |
|
| 610 | 0 | _aИтальянская армия во второй мировой войне 1939-1945 гг. | |
| 610 | 0 | _aСталинградская битва 1942-1943 гг. | |
| 675 |
_a355.48(450)<1942/1943>(093.3) _v3 _zrus |
||
| 686 |
_a78.27 _2rugasnti |
||
| 686 |
_a63.3(4Ита)6 _2rubbk |
||
| 686 | _aЦ35(2)722-2,2,013 | ||
| 700 | 1 |
_aКорти _bЭ. _gЭудженио _4070 |
|
| 801 | 0 |
_aRU _bRKP _c20030304 _gPSBO |
|
| 801 | 1 |
_aRU _bRKP _c20030304 |
|
| 801 | 2 |
_aRU _bNLR _c20030409 _grcr |
|
| 942 | _cBOOK | ||
| 980 | _aNB | ||